000 01765nam a2200337Ia 4500
005 20220316235401.0
008 121119s2003 sp gr 000 f spa
020 _a8435016269
041 1 _aspa
100 1 _aMann, Thomas,
_d1875-1955
245 1 3 _aLa montaña mágica
_cThomas Mann ; traducción de Mario Verdaguer, David Castelló
250 _aPrimera edición
264 1 _aBarcelona
_bEdhasa
_c2003
300 _a978 páginas
_c18 cm.
336 _atexto
_btxt
_2rdacontent
337 _asin mediación
_bn
_2rdamedia
338 _avolumen
_bnc
_2rdacarrier
490 0 _aPocket Edhasa
520 3 _aLa acción de esta novela transcurre en un sanatorio de tuberculosos de Zauberberg, donde coinciden dos primos de caracteres muy distintos. És esta una novela de detalles más que de trama: el conocimiento de Claudia Chauchat o de una pareja de peculiares y enfrentados pensadores, los pequeños conflictos generados por la convivencia, el goteo constante de fallecimientos... El interés de la novela reside en la perfecta reproducción de la vida interior, afectiva e intelectual, de la amplia galería de personajes que despliega Mann ante los ojos del lector, todos ellos perfectamente individualizados e interesantes por sí mismo. "La montaña mágica" se cuenta entre las diez mejores obras literarias del siglo XX.
534 _bDer Zauberberg
650 1 4 _2LEMB
_aNovela alemana
_ySiglo XX
650 1 4 _2LEMB
_aEnfermos
_vNovela
650 1 4 _2LEMB
_aAmor
_vNovela
650 1 4 _2LEMB
_aGuerra
_vNovela
650 1 4 _2LEMB
_aEmociones
_vNovela
700 1 _aVerdaguer, Mario
_d1893-
_etraductor
_9118264
700 1 _aCastelló, David
_etraductor
_9118265
942 _2loc
_cBKLIT
040 _aCO-BoRNBP
_bspa
_erda
_cCO-BoRNBP
084 _aN MAN1
999 _c794
_d794